=LDR 00000nam 2200000 4500 =001 INLIS000000000035763 =005 20200420094336 =035 ##$$a 0010-061300000035763 =008 200420################g##########0#ind## =041 ##$$a Ind =082 ##$$a 2x3.5 =090 ##$$a 2x3.5, ash k =100 1#$$a Ash-Shufi, Mahir Ahmad =245 1#$$a Kiamat sudah dekat, tanda-tanda kiamat kecil /$c Mahir Ahmad Ash-Shufi;penerjemah,Muhammad Suhadi; editor,Yahya muhammad =260 ##$$a Solo :$b Aqwam,$c 2007 =300 ##$$a 240 hlm,, ; $c 15 x 23 cm =650 #4$$a Kiamat Sudah Dekat =850 ##$$a NBPNMAT =020 ##$$a 978-979-3635-79-2 =084 ##$$a 2x3.5 ASH k =250 ##$$a cet.1 =990 ##$$a 51100031